Ley de amparo (Record no. 171870)
[ view plain ]
| 000 -LEADER | |
|---|---|
| fixed length control field | 00646nam a22001697a 4500 |
| 005 - DATE AND TIME OF LATEST TRANSACTION | |
| control field | 20250618123502.0 |
| 008 - FIXED-LENGTH DATA ELEMENTS--GENERAL INFORMATION | |
| fixed length control field | 250228b mx |||||||| |||| 00| 0 spa d |
| 050 04 - LIBRARY OF CONGRESS CALL NUMBER | |
| Classification number | KGF2704.52021 |
| Item number | A71 2023 |
| 240 10 - UNIFORM TITLE | |
| Uniform title | Leyes y códigos |
| 245 00 - TITLE STATEMENT | |
| Title | Ley de amparo |
| Remainder of title | : Ley orgánica del poder judicial de la federación, Convención americana sobre derechos humanos "Pacto de San josé de Costa Rica" |
| 246 14 - VARYING FORM OF TITLE | |
| Title proper/short title | Incluye apartado de declaratoria de invalidez |
| 250 ## - EDITION STATEMENT | |
| Edition statement | 6a ed. |
| 260 ## - PUBLICATION, DISTRIBUTION, ETC. (IMPRINT) | |
| Place of publication, distribution, etc | México : |
| Name of publisher, distributor, etc | Gallardo Ediciones, |
| Date of publication, distribution, etc | 2023 |
| 300 ## - PHYSICAL DESCRIPTION | |
| Extent | 232 p. ; |
| Dimensions | 17 cm. |
| 651 #7 - SUBJECT ADDED ENTRY--GEOGRAPHIC NAME | |
| Source of heading or term | lemb |
| Geographic name | México |
| General subdivision | Recurso de amparo |
| -- | Leyes y legislación |
| 942 ## - ADDED ENTRY ELEMENTS (KOHA) | |
| Source of classification or shelving scheme | Biblioteca del Cogreso de los Estados Unidos |
| Koha item type | Libro |
| Estado de pérdida | Fuente de clasificación | Estado del daño | No para préstamo | Ubicación permanente | Ubicación actual | Apartado o colección | Fecha de adquisición | Fuente de adquisición | Edición | Área del conocimiento | Total Checkouts | Clasificación | Código de Barras | Date last seen | Número de copia | Costo por reposición | Tipo de recurso |
|---|---|---|---|---|---|---|---|---|---|---|---|---|---|---|---|---|---|
| Biblioteca del Cogreso de los Estados Unidos | Biblioteca Campus Lázaro Cardenas | Biblioteca Campus Lázaro Cardenas | General | 10/06/2025 | Donación | 6a ed. | Ciencias Sociales y Administrativas | KGF2704.52021 A71 2023 | BCLC000001952 | 10/06/2025 | 1 | 1.00 | Libro | ||||
| Biblioteca del Cogreso de los Estados Unidos | Biblioteca Campus Lázaro Cardenas | Biblioteca Campus Lázaro Cardenas | General | 10/06/2025 | Donación | 6a ed. | Ciencias Sociales y Administrativas | KGF2704.52021 A71 2023 | BCLC000001953 | 10/06/2025 | 2 | 1.00 | Libro | ||||
| Biblioteca del Cogreso de los Estados Unidos | Biblioteca Campus Lázaro Cardenas | Biblioteca Campus Lázaro Cardenas | General | 10/06/2025 | Donación | 6a ed. | Ciencias Sociales y Administrativas | KGF2704.52021 A71 2023 | BCLC000001954 | 10/06/2025 | 3 | 1.00 | Libro |